| 000 | 00686nam a2200205 a 4500 | ||
|---|---|---|---|
| 001 | 000035892 | ||
| 005 | 20200930074710.0 | ||
| 008 | 111115s1935 fr 000 0 fre d | ||
| 040 |
_aDO-SdBNP _bspa _cBNPHU |
||
| 082 |
_axxx _bF263l |
||
| 100 | 1 |
_aFaulkner, William, _d1897-1962 _99781 |
|
| 240 | 1 | 0 |
_aLigth in august _lfrancés |
| 245 | 1 | 0 |
_aLumière d´août / _cWilliam Faulkner ;traducido del inglés Maurice-Edgar Coindreau. |
| 260 |
_aFrance : _bGallimard, _c1935. |
||
| 300 |
_a627 p. ; _c18 cm. |
||
| 490 | 1 | _aFolio | |
| 590 | _aPerteneció a la biblioteca personal de Juan Isidro Jimenes Grullón | ||
| 700 | 1 |
_aCoindreau, Maurice- Edgar, _etr. _961890 |
|
| 830 | 0 |
_aFolio _94233 |
|
| 999 |
_c35383 _d35383 |
||